Top 15 most streamed Kendrick Lamar songs - Statistics

General Stats
  • This quiz has been taken 357 times
    65 since last reset
  • The average score is 9 of 15
Answer Stats
Rank Streams Songs % Correct
1. 2,693,998,060 HUMBLE.
96%
5. 1,589,657,195 Not Like Us
82%
2. 2,484,219,926 All The Stars
78%
3. 1,950,612,828 Money Trees
78%
6. 1,362,618,936 DNA.
73%
4. 1,676,696,173 LOVE.
67%
10. 928,453,765 Alright
63%
7. 1,067,393,753 luther
63%
9. 966,372,830 Swimming Pools (Drank)
63%
8. 1,032,811,344 PRIDE.
61%
11. 867,477,965 Bitch, Don’t Kill My Vibe
51%
15. 657,840,724 Poetic Justice
47%
13. 805,868,177 LOYALTY.
43%
12. 854,249,154 m.A.A.d city
43%
14. 698,335,685 King Kunta
33%
No matching quizzes found
Score Distribution
Percent of People with Each Score
Percentile by Number Answered
Your Score History
You have not taken this quiz since the last reset